000 00618nam a22002057a 4500
999 _c11605
_d11605
003 AR-CdUCM
008 190404b ||||| |||| 00| 0 spa d
040 _aMUNICIPALIDAD PROVINCIAL DEL CUSCO
_cBIBLIOTECA MUNICIPAL DEL CUSCO
082 _aC / 869.56 /
_bJ24L
100 _aJara Eguileta, Segundo
_928604
245 _aLampara Insomne /
260 _aCusco :
_bH. G. Rozas,
_c1958.
300 _a150 páginas ;
_c21 cm.
505 _aContenido: Poesías.
650 _aLiteratura Peruana
_9132
650 _aPoemas Cusqueños
_917375
650 _aSiglo XX
_98
942 _2ddc
_cLIBROS
945 _aachl
_d2019-04-04